000
00249nam a2200109Ia 4500
008
190216s9999||||xx |||||||||||||| ||und||
100
_a
Krishna Iyer
245
0
_a
Making Of History
260
_b
Surjeet Pubs.Delhi
650
_a
History
942
_c
BK
999
_c
19137
_d
19137